000
00333nam a2200133Ia 4500
008
240624s9999 xx 000 0 und d
041
_a
eng
082
_a
823 MAR
100
_a
MARQUES GABRIEL GARCIA
245
_a
GENERAL IN HIS LABYRINTH
260
_c
1990
_a
New York
_b
Penguin Books
300
_a
285 : p. : cm. ; 20
365
_c
RS
999
_c
22714
_d
22714